Historia de los hechos económicos contemporaneos (Registro nro. 3161)
[ vista simple ]
| 000 -LEADER | |
|---|---|
| fixed length control field | 01222 a2200217 4500 |
| 001 - CONTROL NUMBER | |
| control field | 39946 |
| 005 - DATE AND TIME OF LATEST TRANSACTION | |
| control field | 20260407155656.0 |
| 008 - FIXED-LENGTH DATA ELEMENTS--GENERAL INFORMATION | |
| fixed length control field | 260407a1968 arg spa d |
| 003 - CONTROL NUMBER IDENTIFIER | |
| control field | AR-UNSa-BCEJYS |
| 040 ## - CATALOGING SOURCE | |
| Original cataloging agency | AR-UNSa-BCEJYS |
| Language of cataloging | spa |
| Transcribing agency | AR-UNSa-BCEJYS |
| 080 ## - UNIVERSAL DECIMAL CLASSIFICATION NUMBER | |
| Universal Decimal Classification number | 94:33 |
| Common auxiliary subdivision | Historia económica |
| 041 ## - LANGUAGE CODE | |
| Language code of text/sound track or separate title | spa |
| 100 1# - MAIN ENTRY--PERSONAL NAME | |
| Personal name | Niveau, Maurice |
| 245 10 - TITLE STATEMENT | |
| Title | Historia de los hechos económicos contemporaneos |
| 264 #1 - PRODUCTION, PUBLICATION, DISTRIBUTION, MANUFACTURE, AND COPYRIGHT NOTICE | |
| Place of production, publication, distribution, manufacture | Barcelona : |
| Name of producer, publisher, distributor, manufacturer | Ediciones Ariel |
| Date of production, publication, distribution, manufacture, or copyright notice | 1968 |
| 300 ## - PHYSICAL DESCRIPTION | |
| Extent | 464 p. |
| Dimensions | 23 cm. |
| 505 ## - FORMATTED CONTENTS NOTE | |
| Formatted contents note | Primera Parte: Nacimiento y desarrollo del sistema capitalista. De la revolución industrial a la segunda guerra mundial: 1. La revolución industrial - 2. Las fluctuaciones de la actividad económica en el desarrollo capitalista - 3. La evolución del sistema monetario internacional: de la supremacia de la libra al fracaso del "gold exchange standard" -- Segunda Parte: Reconstrucción y desarrollo de los países capitalistas desde la segunda guerra mundial: 1. Crecimiento y desarrollo - 2. La reconstrucción del sistema monetario internacional -- Tercera Parte: El nacimiento y el desarrollo del sistema colectivista |
| 590 ## - LOCAL NOTE (RLIN) | |
| Local note | niveau_biblio:m niveau_hierar:0 |
| 700 1# - ADDED ENTRY--PERSONAL NAME | |
| Personal name | Bosch Domenech, Antonio |
| 942 ## - ADDED ENTRY ELEMENTS (KOHA) | |
| Koha item type | |
| Withdrawn status | Lost status | Damaged status | Not for loan | Home library | Current library | Shelving location | Date acquired | Total checkouts | Full call number | Barcode | Date last seen | Price effective from | Koha item type |
|---|---|---|---|---|---|---|---|---|---|---|---|---|---|
| Biblioteca Prof. Eusebio Cleto del Rey | Biblioteca Prof. Eusebio Cleto del Rey | 07/04/2026 | 94:33 N734 | L125308 | 07/04/2026 | 07/04/2026 | Libro |